| 000 | 00459cam a22001217a 4500 | ||
|---|---|---|---|
| 008 | 180718b1952 xxu||||| |||| 00| 0 eng d | ||
| 082 | _aA81x54 In2/51/12/Pt2B | ||
| 100 | _aCensus of India 1951 | ||
| 245 | _aAssam, Manipur and Tripura: economic tables and household and age (sample) tables | ||
| 260 |
_aShillong _bSuperintendent, Census Operations _c1952 |
||
| 300 | _a306+p. | ||
| 440 | _aCensus of India 1951. Volume XII, Assam, Manipur and Tripura. Part II B | ||
| 999 |
_c483620 _d483620 |
||